| 000 | 02440nam a2200481Ii 4500 | ||
|---|---|---|---|
| 001 | DIGCSIC0270 | ||
| 003 | NyNyDIG | ||
| 008 | 170921s2012 sp b ob 000 0 spa d | ||
| 006 | m o d | ||
| 007 | cr ||||||||||| | ||
| 035 | _a(OCoLC)923011290 | ||
| 040 |
_aDGITA _beng _erda _epn _cDGITA |
||
| 020 |
_a9788400095543 _q(eBook ; _qpdf) |
||
| 020 |
_a8400095545 _q(eBook ; _qpdf) |
||
| 020 | _z9788400095536 | ||
| 020 | _z8400095537 | ||
| 024 | 7 |
_a723-12-129-0 _2nipo |
|
| 024 | 7 |
_a723-12-130-3 _q(eBook) _2nipo |
|
| 043 | _as-pe--- | ||
| 050 | 1 | 4 | _aBX3714.P4 eBook |
| 082 | 0 | 4 |
_a266.28509 _a271.53085 |
| 100 | 1 |
_aMaldavsky, Aliocha, _eauthor. |
|
| 245 | 1 | 0 |
_aVocaciones inciertas : _bmisión y misioneros en la provincia jesuita del Perú en los siglos XVI y XVII / _cAliocha Maldavsky. |
| 264 | 1 |
_aSevilla : _bConsejo Superior de Investigaciones Científicas ; _aLima : _bInstituto Francés de Estudios Andinos : _bUniversidad Antonio Ruiz de Montoya, _c2012. |
|
| 300 |
_a1 online resource : _bmaps. |
||
| 336 |
_atext _btxt _2rdacontent |
||
| 337 |
_acomputer _bc _2rdamedia |
||
| 338 |
_aonline resource _bcr _2rdacarrier |
||
| 490 | 1 |
_aColección Universos americanos ; _v8 |
|
| 504 | _aIncludes bibliographical references. | ||
| 505 | 0 | _aDefiniciones, formas y expresiones del apostolado jesuita en el Perú Virrenal -- Fronteras de provincias y Limes misionero -- El ministerio de las misiones de los jesuitas y la extirpación de idolatrías -- Ser o no ser misionero : los hombres de la misión -- La habilidad lingüística : la trampa de la misión -- La figura del Obrero de indios. | |
| 588 | 0 | _aOnline resource; title from PDF title page (Digitalia, viewed September 23, 2017) | |
| 610 | 2 | 0 |
_aJesuits _xMissions _zPeru _xHistory. |
| 650 | 0 |
_aIndians of South America _xMissions _zPeru _xHistory. |
|
| 655 | 0 | _aElectronic books. | |
| 791 | 2 |
_aDigitalia (Firm), _edistributor. |
|
| 793 | 0 |
_gDigitalia eBook Collection: _aEditorial CSIC |
|
| 776 | 0 | 8 |
_iPrint version: _aMaldavsky, Aliocha. _tVocaciones inciertas. _dSevilla : Consejo Superior de Investigaciones Científicas ; Lima : Instituto Francés de Estudios Andinos : Universidad Antonio Ruiz de Montoya, 2012 _z9788400095536 _w(DLC) 2012531818 _w(OCoLC)822016658 |
| 830 | 0 |
_aColección Universos americanos ; _v8. |
|
| 856 | 4 | 0 |
_3Digitalia Hispánica _uhttps://www.digitaliapublishing.com/a/42424/ |
| 910 | _aPremium collection: 2017 | ||
| 942 | _cRAA | ||
| 999 |
_c247272 _d247272 |
||